000 00291nam a2200133 i 4500
001 bg
245 0 _aProblemy techniceskoj elektrodinamiki.
250 _aNypusk 29.
260 _aKiev,
_c1971.
040 _cBPK
041 _apol
942 _cKS
008 s pl f |000 0 pol
999 _c7377
_d7377
856 _uhttp://koha.tu.koszalin.pl/cgi-bin/koha/opac-detail.pl?biblionumber=7377
_yKatalog online BPK